[Event "Moravia-Silesia Region-chT 2223"]
[Site "Czech Republic"]
[Date "2022.10.09"]
[Round "1"]
[White "Vicha, Marek"]
[Black "Buchtova, Viktorie"]
[Result "1-0"]
[WhiteElo "1933"]
[BlackElo "1528"]
[PlyCount "61"]
[EventDate "2022.10.09"]
[EventType "team-tourn"]
[EventRounds "11"]
[EventCountry "CZE"]
[SourceTitle "EXT 2024"]
[Source "ChessBase"]
[SourceDate "2023.10.10"]
[SourceVersion "1"]
[SourceVersionDate "2023.10.10"]
[SourceQuality "1"]
[WhiteTeam "Poruba Slavoj IV"]
[BlackTeam "Frydek Mistek IV"]
[WhiteTeamCountry "CZE"]
[BlackTeamCountry "CZE"]

1. Nf3 d5 2. d4 Nf6 3. e3 e6 4. Bd3 Bb4+ 5. Nbd2 0-0 6. Ne5 b6 7. 0-0 Bxd2 8. Bxd2 Bb7 9. f4 Nbd7 10. Be1 Ne4 11. Nxd7 Qxd7 12. Rf3 f5 13. Bxe4 dxe4 14. Rf2 Rad8 15. Rd2 Ba6 16. Bh4 Rc8 17. b3 Qb5 18. c4 Qb4 19. d5 exd5 20. Rxd5 b5 21. Rd7 Qc3 22. Qd5+ Kh8 23. Rd1 Qxe3+ 24. Bf2 Qxf4 25. Bd4 Rf6 26. Bxf6 gxf6 27. cxb5 e3 28. Qf7 Qh6 29. Rd8+ Rxd8 30. Rxd8+ Qf8 31. Rxf8# 1-0

[Event "CZE-chT2F 1920"]
[Site "Czech Republic"]
[Date "2020.01.26"]
[Round "7.7"]
[White "Ramik, Jan"]
[Black "Vicha, Marek"]
[Result "1/2-1/2"]
[WhiteElo "1971"]
[BlackElo "1968"]
[PlyCount "58"]
[EventDate "2019.10.13"]
[EventType "team-tourn"]
[EventRounds "11"]
[EventCountry "CZE"]
[SourceTitle "EXT 2024"]
[Source "ChessBase"]
[SourceDate "2023.10.10"]
[SourceVersion "1"]
[SourceVersionDate "2023.10.10"]
[SourceQuality "1"]
[WhiteTeam "Havirov Banik"]
[BlackTeam "Poruba Slavoj III"]
[WhiteTeamCountry "CZE"]
[BlackTeamCountry "CZE"]

1. Nf3 d5 2. b3 c5 3. e3 Nf6 4. Bb2 g6 5. c4 Bg7 6. cxd5 0-0 7. Qc2 Qxd5 8. Nc3 Qd8 9. Na4 b6 10. d4 cxd4 11. Bxd4 Bf5 12. Qb2 Nc6 13. Bc3 Qc7 14. Be2 Rfd8 15. 0-0 Bd3 16. Bxd3 Rxd3 17. Rac1 Rdd8 18. Rc2 Qb7 19. Rfc1 Rac8 20. h3 Nb8 21. Be5 Rxc2 22. Qxc2 Nbd7 23. Qc7 Qxc7 24. Rxc7 Nxe5 25. Nxe5 Nd5 26. Nc6 Nxc7 27. Nxd8 Kf8 28. Nc6 b5 29. Nc5 a6 1/2-1/2

[Event "CZE-chT2F 1819"]
[Site "Czech Republic"]
[Date "2019.02.24"]
[Round "9.5"]
[White "Sobek, Jaroslav"]
[Black "Vicha, Marek"]
[Result "1-0"]
[WhiteElo "2218"]
[BlackElo "1969"]
[PlyCount "121"]
[EventDate "2018.10.14"]
[EventType "team-tourn"]
[EventRounds "11"]
[EventCountry "CZE"]
[SourceTitle "EXT 2022"]
[Source "ChessBase"]
[SourceDate "2021.10.06"]
[SourceVersion "1"]
[SourceVersionDate "2021.10.06"]
[SourceQuality "1"]
[WhiteTeam "Karvina"]
[BlackTeam "Poruba Slavoj III"]
[WhiteTeamCountry "CZE"]
[BlackTeamCountry "CZE"]

1. d4 d5 2. c4 c6 3. Nf3 Nf6 4. Nc3 dxc4 5. a4 Bf5 6. e3 e6 7. Bxc4 Nbd7 8. 0-0 Be7 9. a5 0-0 10. Nh4 Bg6 11. Nxg6 hxg6 12. e4 a6 13. Bf4 Nh5 14. Be3 Nhf6 15. Qb3 Qc8 16. Rfc1 Ng4 17. Bxe6 Nxe3 18. Bxd7 Qxd7 19. fxe3 Bg5 20. Na4 Rab8 21. Rf1 Qe6 22. Qd3 Be7 23. Nb6 Bd8 24. Nc4 Bc7 25. d5 cxd5 26. exd5 Qd7 27. e4 Rbd8 28. Kh1 Rfe8 29. Qf3 Be5 30. Rac1 f6 31. Rc2 Bd6 32. Rfc1 Qe7 33. Re2 Be5 34. Qb3 Kf8 35. Rd1 Bd6 36. Rd3 Kf7 37. Rf3 Kg8 38. Qd3 g5 39. Rf5 g6 40. Rf1 Kg7 41. g3 Be5 42. Ref2 Rf8 43. Ne3 Qc7 44. Nc4 Qe7 45. b3 Bd6 46. Nxd6 Qxd6 47. Qd4 Rde8 48. Rc2 Rf7 49. Rc4 Rfe7 50. Rb4 Rf7 51. Rc1 Rc7 52. Rcc4 Rec8 53. Rb6 Qd8 54. e5 fxe5 55. Qxe5+ Kh7 56. Qe6 Rxc4 57. Qxg6+ Kh8 58. Qh6+ Kg8 59. Rg6+ Kf7 60. Qh7+ Kf8 61. Rg8# 1-0

[Event "CZE-chT2F 1819"]
[Site "Czech Republic"]
[Date "2018.12.16"]
[Round "5.5"]
[White "Vicha, Marek"]
[Black "Sieber, Martin"]
[Result "1/2-1/2"]
[WhiteElo "1969"]
[BlackElo "2078"]
[PlyCount "87"]
[EventDate "2018.10.14"]
[EventType "team-tourn"]
[EventRounds "11"]
[EventCountry "CZE"]
[SourceTitle "EXT 2022"]
[Source "ChessBase"]
[SourceDate "2021.10.06"]
[SourceVersion "1"]
[SourceVersionDate "2021.10.06"]
[SourceQuality "1"]
[WhiteTeam "Poruba Slavoj III"]
[BlackTeam "Orlova Slavia II"]
[WhiteTeamCountry "CZE"]
[BlackTeamCountry "CZE"]

1. Nf3 c5 2. c4 Nf6 3. Nc3 e6 4. e3 Be7 5. Be2 0-0 6. 0-0 d5 7. d4 cxd4 8. exd4 dxc4 9. Bxc4 Nbd7 10. Qe2 Nb6 11. Bb3 Nfd5 12. Rd1 Bd7 13. Ne5 Rc8 14. Nxd5 Nxd5 15. Bxd5 exd5 16. Nxd7 Qxd7 17. Bf4 Rc6 18. Rac1 Rfc8 19. h3 Rxc1 20. Rxc1 Rxc1+ 21. Bxc1 Bf6 22. Be3 g6 23. Qc2 Qe7 24. b3 a6 25. Qc8+ Kg7 26. Qc1 h5 27. a4 Qe4 28. Qc3 g5 29. f3 Qb1+ 30. Kf2 Kg6 31. Bd2 Qf5 32. Ke2 g4 33. hxg4 hxg4 34. Be3 gxf3+ 35. gxf3 Qh3 36. Qe1 Bh4 37. Qg1+ Kf6 38. Qg4 Qxg4 39. fxg4 Bg5 40. Bf2 Ke6 41. Be1 f5 42. gxf5+ Kxf5 43. Kf3 Bc1 44. Bc3 1/2-1/2

[Event "CZE-chT2F 1819"]
[Site "Czech Republic"]
[Date "2018.11.04"]
[Round "2.3"]
[White "Malik, Jan"]
[Black "Vicha, Marek"]
[Result "1-0"]
[WhiteElo "2316"]
[BlackElo "1969"]
[PlyCount "57"]
[EventDate "2018.10.14"]
[EventType "team-tourn"]
[EventRounds "11"]
[EventCountry "CZE"]
[SourceTitle "EXT 2022"]
[Source "ChessBase"]
[SourceDate "2021.10.06"]
[SourceVersion "1"]
[SourceVersionDate "2021.10.06"]
[SourceQuality "1"]
[WhiteTeam "Poruba Slavoj II"]
[BlackTeam "Poruba Slavoj III"]
[WhiteTeamCountry "CZE"]
[BlackTeamCountry "CZE"]

1. e4 c6 2. d4 d5 3. e5 Bf5 4. Nf3 e6 5. Be2 c5 6. Be3 Qb6 7. Nc3 Nc6 8. 0-0 c4 9. b3 cxb3 10. axb3 Nge7 11. Nb5 Nc8 12. c4 Rb8 13. Nh4 Be4 14. Nc3 Qd8 15. cxd5 Bxd5 16. Nxd5 Qxd5 17. Bc4 Qd8 18. Qg4 Nb6 19. f4 Nd5 20. Bxd5 Qxd5 21. f5 Rd8 22. Kh1 Qxb3 23. Rab1 Qxe3 24. fxe6 Be7 25. Nf5 Qg5 26. Nxg7+ Kf8 27. Rxf7+ Kg8 28. Nf5 h5 29. Nxe7+ 1-0

[Event "Ostrava Konik op-B"]
[Site "Ostrava"]
[Date "2011.05.05"]
[Round "6"]
[White "Psenicka, Pavel"]
[Black "Vicha, Marek"]
[Result "1/2-1/2"]
[WhiteElo "1964"]
[BlackElo "1733"]
[PlyCount "32"]
[EventDate "2011.04.30"]
[EventType "swiss"]
[EventRounds "9"]
[EventCountry "CZE"]
[SourceTitle "CBM 142 Extra"]
[Source "ChessBase"]
[SourceDate "2011.06.27"]
[SourceVersion "1"]
[SourceVersionDate "2011.06.27"]
[SourceQuality "1"]

1. b3 e5 2. Bb2 Nc6 3. e3 Nf6 4. Bb5 d6 5. Ne2 Bd7 6. d4 exd4 7. Nxd4 Nxd4 8. Bxd7+ Qxd7 9. Qxd4 Be7 10. 0-0 0-0 11. c4 d5 12. cxd5 Qxd5 13. Qxd5 Nxd5 14. Nc3 Nxc3 15. Bxc3 Rfd8 16. Rfd1 f5 1/2-1/2

[Event "Ostrava Konik op-B"]
[Site "Ostrava"]
[Date "2011.05.02"]
[Round "3"]
[White "Hlubina, Pavel"]
[Black "Vicha, Marek"]
[Result "1/2-1/2"]
[WhiteElo "1943"]
[BlackElo "1733"]
[PlyCount "22"]
[EventDate "2011.04.30"]
[EventType "swiss"]
[EventRounds "9"]
[EventCountry "CZE"]
[SourceTitle "CBM 142 Extra"]
[Source "ChessBase"]
[SourceDate "2011.06.27"]
[SourceVersion "1"]
[SourceVersionDate "2011.06.27"]
[SourceQuality "1"]

1. e4 c6 2. d4 d5 3. e5 Bf5 4. Nc3 e6 5. g4 Bg6 6. h4 h5 7. Nge2 hxg4 8. Nf4 Bf5 9. h5 g6 10. Be2 g5 11. Nd3 Nh6 1/2-1/2

[Event "Ostrava Konik op-B"]
[Site "Ostrava"]
[Date "2011.05.01"]
[Round "2"]
[White "Vicha, Marek"]
[Black "Blecha, Josef"]
[Result "1-0"]
[WhiteElo "1733"]
[BlackElo "1929"]
[PlyCount "139"]
[EventDate "2011.04.30"]
[EventType "swiss"]
[EventRounds "9"]
[EventCountry "CZE"]
[SourceTitle "CBM 142 Extra"]
[Source "ChessBase"]
[SourceDate "2011.06.27"]
[SourceVersion "1"]
[SourceVersionDate "2011.06.27"]
[SourceQuality "1"]

1. Nf3 Nc6 2. d4 d5 3. Bf4 Nf6 4. e3 e6 5. Be2 Bd6 6. Bxd6 Qxd6 7. 0-0 Bd7 8. c4 dxc4 9. Bxc4 0-0 10. Nc3 a6 11. a3 e5 12. dxe5 Nxe5 13. Qxd6 cxd6 14. Be2 Bc6 15. Rfd1 Rfd8 16. Rd2 Kf8 17. Rad1 Ke7 18. h3 Nxf3+ 19. Bxf3 Bxf3 20. gxf3 Rac8 21. f4 Rc4 22. Kg2 g6 23. Kf3 d5 24. Nxd5+ Nxd5 25. Rxd5 Rxd5 26. Rxd5 Rc2 27. b4 Ra2 28. Rd3 h5 29. e4 Ke6 30. Ke3 f6 31. Kf3 Ra1 32. Rc3 Kd6 33. Kg2 Ra2 34. Rg3 g5 35. e5+ Ke6 36. exf6 gxf4 37. Rf3 Kxf6 38. Rxf4+ Kg5 39. Rf3 Ra1 40. Rc3 Ra2 41. Kg3 Ra1 42. Rc5+ Kg6 43. Rc3 Kf5 44. Kh4 Kg6 45. Rd3 Ra2 46. Rd6+ Kf5 47. Kxh5 Rxa3 48. h4 Rb3 49. Rb6 Rb2 50. Rxb7 a5 51. Rb5+ Kf4 52. Rxa5 Rxb4 53. Ra7 Rb5+ 54. Kg6 Rb6+ 55. Kg7 Kg4 56. Ra4+ Kh5 57. Re4 Ra6 58. f4 Kg4 59. h5 Kxh5 60. Re5+ Kg4 61. f5 Kf4 62. Rc5 Ra7+ 63. Kg6 Ra1 64. f6 Rg1+ 65. Kh7 Rh1+ 66. Kg8 Rg1+ 67. Kf8 Rg3 68. f7 Rg1 69. Ke7 Rg7 70. Kf6 1-0